000 01019cab a2200253 4500
001 ABS56868
008 090401t1997 xxu||||| |||| 00| 0 eng d
035 _a(Sirsi) u78013
041 _aeng
100 _aHughes, D.
245 _aPossession proceedings problems
260 _c1997
350 _a0
490 _aHousing and Planning Review
_v52(2) April/May 1997, 11(1)
520 _aDiscusses "Enfield LBC v Devonish and another" which held that a notice to quit to a secure tenant served at their premises is not sufficient unless there is a special provision to determine it. Warns that local authorities and housing associations must examine the terms of their tenancy agreement carefully.
650 _aENFIELD LBC V DEVONISH AND ANOTHER
650 _aHOUSING ASSOCIATIONS
650 _aNOTICE TO QUIT
650 _aSECURE TENANCY
650 _aSOCIAL HOUSING
690 _aPROPERTY-RESIDENTIAL PROPERTY-RESIDENTIAL LANDLORD AND TENANT-RESIDENTIAL TENANCIES
942 _n0
948 _c28/04/1997
999 _c49070
_d49070